|
|
|
|
| LEADER |
02661nam a2200673 i 4500 |
| 001 |
nkc20193102263 |
| 003 |
CZ PrNK |
| 005 |
20190814105135.0 |
| 007 |
ta |
| 008 |
190612s2019 xr ach e f 000 0 cze |
| 015 |
|
|
|a cnb003102263
|
| 020 |
|
|
|a 978-80-86409-56-6
|q (Městská knihovna Varnsdorf ;
|q brožováno)
|
| 035 |
|
|
|a (OCoLC)1111981628
|
| 040 |
|
|
|a BOA001
|b cze
|e rda
|
| 043 |
|
|
|a e-xr---
|b e-xr-us
|2 czenas
|
| 045 |
|
|
|a x0y1
|
| 072 |
|
7 |
|a 72
|x Architektura
|2 Konspekt
|9 21
|
| 080 |
|
|
|a 725.012.28
|2 MRF
|
| 080 |
|
|
|a (188)-024.544
|2 MRF
|
| 080 |
|
|
|a 640.43
|2 MRF
|
| 080 |
|
|
|a (437.315)
|2 MRF
|
| 080 |
|
|
|a (036)
|2 MRF
|
| 080 |
|
|
|a (082.2)
|2 MRF
|
| 100 |
1 |
|
|a Procházková, Renata
|4 aut
|
| 245 |
1 |
0 |
|a Hrádek Varnsdorf :
|b Hrádek - 115 let městské dominanty /
|c autoři textů: Renata Procházková, Josef Rybánský, Jiří Sucharda
|
| 246 |
1 |
|
|i Název v tiráži:
|a Hrádek - 115 let městské dominanty
|
| 250 |
|
|
|a 1. vydání
|
| 264 |
|
1 |
|a Varnsdorf :
|b Městská knihovna Varnsdorf :
|b město Varnsdorf,
|c 2019
|
| 300 |
|
|
|a 50 stran :
|b ilustrace (některé barevné), portréty, faksimile ;
|c 21 x 22 cm
|
| 336 |
|
|
|a text
|b txt
|2 rdacontent
|
| 336 |
|
|
|a statický obraz
|b sti
|2 rdacontent
|
| 337 |
|
|
|a bez média
|b n
|2 rdamedia
|
| 338 |
|
|
|a svazek
|b nc
|2 rdacarrier
|
| 500 |
|
|
|a Název z obálky
|
| 500 |
|
|
|a 1000 výtisků
|
| 500 |
|
|
|a Chronologický přehled
|
| 648 |
|
4 |
|a 1904-2019
|
| 648 |
|
7 |
|a 20.-21. století
|7 ch462155
|2 czenas
|
| 650 |
0 |
7 |
|a rozhledny
|7 ph125258
|z Česko
|y 20.-21. století
|2 czenas
|
| 650 |
0 |
7 |
|a rozhledová místa
|7 ph136793
|z Česko
|y 20.-21. století
|2 czenas
|
| 650 |
0 |
7 |
|a restaurace
|7 ph116043
|z Česko
|y 20.-21. století
|2 czenas
|
| 650 |
0 |
9 |
|a lookout towers
|z Czechia
|y 20th-21st centuries
|2 eczenas
|
| 650 |
0 |
9 |
|a lookout points
|z Czechia
|y 20th-21st centuries
|2 eczenas
|
| 650 |
0 |
9 |
|a restaurants
|z Czechia
|y 20th-21st centuries
|2 eczenas
|
| 651 |
|
7 |
|a Hrádek (Česko : rozhledna)
|7 xx0166514
|2 czenas
|
| 651 |
|
7 |
|a Hrádek (Varnsdorf, Česko : vrch)
|7 ge326307
|2 czenas
|
| 651 |
|
9 |
|a Hrádek (Czechia : lookout tower)
|2 eczenas
|
| 651 |
|
9 |
|a Hrádek Hill (Varnsdorf, Czechia)
|2 eczenas
|
| 655 |
|
7 |
|a informační publikace
|7 fd132454
|2 czenas
|
| 655 |
|
7 |
|a jubilejní publikace
|7 fd131839
|2 czenas
|
| 655 |
|
9 |
|a information publications
|2 eczenas
|
| 655 |
|
9 |
|a jubilee books
|2 eczenas
|
| 700 |
1 |
|
|a Rybánský, Josef
|7 ola2012697590
|4 aut
|
| 700 |
1 |
|
|a Sucharda, Jiří
|7 hka2010615699
|4 aut
|
| 910 |
2 |
|
|a BOA001
|b 2-1431.073
|
| 990 |
|
|
|a BK
|
| 995 |
|
|
|a 01
|
| 991 |
|
|
|b 201906
|c NOV
|
| 996 |
6 |
|
|b 2610786509
|c 2-1431.073
|l MZK
|r Sklad / do 1 hodiny
|n 0
|p p.v.
|w 001730423
|u 000010
|a 1
|e BOA001
|j MZK50
|s P
|